[Event "Politiken Cup 33rd"]
[Site "Helsingor"]
[Date "2011.08.07"]
[Round "10"]
[White "Kopperberg, Steen"]
[Black "Hjornevik, Knut Jarle"]
[Result "1/2-1/2"]
[WhiteElo "1782"]
[BlackElo "1959"]
[PlyCount "105"]
[EventDate "2011.07.30"]
[EventType "swiss"]
[EventRounds "10"]
[EventCountry "DEN"]
[SourceTitle "CBM 143 Extra"]
[Source "ChessBase"]
[SourceDate "2011.08.29"]
[SourceVersion "1"]
[SourceVersionDate "2011.08.29"]
[SourceQuality "1"]

1. d4 d5 2. Nf3 Nc6 3. c3 Nf6 4. Bg5 e6 5. Nbd2 Be7 6. Bxf6 Bxf6 7. e4 dxe4 8. Nxe4 Be7 9. Qc2 a6 10. Bd3 h6 11. h4 b6 12. 0-0-0 Bb7 13. Kb1 Qd5 14. g4 0-0-0 15. Ned2 Kb8 16. Qa4 Qa5 17. Qc2 Bf6 18. Rhe1 Qd5 19. Be4 Qd7 20. Nc4 Qe8 21. g5 Be7 22. d5 exd5 23. Bxd5 Nb4 24. cxb4 Bxd5 25. Nce5 Bxf3 26. Nxf3 Rxd1+ 27. Qxd1 Qd8 28. Ne5 Qxd1+ 29. Rxd1 Re8 30. Nxf7 hxg5 31. hxg5 Bxb4 32. f4 Re1 33. Rxe1 Bxe1 34. Kc2 Kc8 35. Kd3 Kd7 36. Ke4 Ke7 37. Ne5 Bd2 38. Nc6+ Kd6 39. Nd4 Ke7 40. g6 Kf6 41. f5 Bb4 42. Ne2 Bd6 43. b3 a5 44. Nd4 Be5 45. Nf3 Bc3 46. a4 Bb2 47. Nd2 Be5 48. Nc4 Bh2 49. Ne3 Kg5 50. Nd5 Bd6 51. Ne3 Bh2 52. Nc4 Kf6 53. Ne3 1/2-1/2

[Event "Politiken Cup 33rd"]
[Site "Helsingor"]
[Date "2011.08.02"]
[Round "5"]
[White "Savio, Niklas"]
[Black "Kopperberg, Steen"]
[Result "0-1"]
[WhiteElo "1040"]
[BlackElo "1782"]
[PlyCount "62"]
[EventDate "2011.07.30"]
[EventType "swiss"]
[EventRounds "10"]
[EventCountry "DEN"]
[SourceTitle "CBM 143 Extra"]
[Source "ChessBase"]
[SourceDate "2011.08.29"]
[SourceVersion "1"]
[SourceVersionDate "2011.08.29"]
[SourceQuality "1"]

1. c4 c6 2. g3 Nf6 3. Bg2 e6 4. e4 d5 5. cxd5 exd5 6. exd5 Nxd5 7. Nc3 Be6 8. Qe2 Be7 9. Nf3 Nb4 10. d4 Bf5 11. Ne4 Qd5 12. a3 Bxe4 13. axb4 Bxb4+ 14. Nd2 f5 15. f3 Bxd2+ 16. Bxd2 0-0 17. fxe4 Qxd4 18. exf5 Nd7 19. Bc3 Qc5 20. Qe6+ Kh8 21. 0-0-0 Nf6 22. Qe5 Qc4 23. Rd7 Rae8 24. Qd4 Qe2 25. Bf1 Qf3 26. Rg1 Re4 27. Bg2 Rxd4 28. Bxf3 Rxd7 29. Re1 Re8 30. Rf1 h6 31. Kc2 Nd5 0-1

[Event "Politiken Cup 33rd"]
[Site "Helsingor"]
[Date "2011.08.01"]
[Round "4"]
[White "Kopperberg, Steen"]
[Black "Overas, Jan Magne"]
[Result "0-1"]
[WhiteElo "1782"]
[BlackElo "1503"]
[PlyCount "84"]
[EventDate "2011.07.30"]
[EventType "swiss"]
[EventRounds "10"]
[EventCountry "DEN"]
[SourceTitle "CBM 143 Extra"]
[Source "ChessBase"]
[SourceDate "2011.08.29"]
[SourceVersion "1"]
[SourceVersionDate "2011.08.29"]
[SourceQuality "1"]

1. d4 d5 2. Nf3 Nf6 3. Bg5 e6 4. c3 Nbd7 5. Nbd2 Be7 6. Qc2 c5 7. Bxf6 Nxf6 8. e3 0-0 9. dxc5 Bxc5 10. Bd3 Qc7 11. Ng5 h6 12. Ngf3 e5 13. Bf5 e4 14. Bxc8 Qxc8 15. Nd4 Qg4 16. 0-0 Qh5 17. h3 g5 18. f3 Rae8 19. N2b3 Bb6 20. Qf2 Bc7 21. f4 gxf4 22. exf4 Kh7 23. Rae1 Rg8 24. Re3 Rg7 25. Rg3 Reg8 26. Rxg7+ Rxg7 27. Qe3 Qg6 28. Rf2 Nh5 29. Ne2 Bd8 30. g4 Qa6 31. Nbd4 Qxa2 32. Kh2 Nf6 33. Ng3 Rxg4 34. Qe2 Rg8 35. Ngf5 Bc7 36. Ne7 Re8 37. Ndf5 Bd8 38. Nxd5 Qxd5 39. Ne3 Qc5 40. Ng4 Nxg4+ 41. hxg4 Bb6 42. Kg3 Qxf2+ 0-1

[Event "Politiken Cup 33rd"]
[Site "Helsingor"]
[Date "2011.07.31"]
[Round "3"]
[White "Jensen, Soren Holm"]
[Black "Kopperberg, Steen"]
[Result "1-0"]
[WhiteElo "1984"]
[BlackElo "1782"]
[PlyCount "43"]
[EventDate "2011.07.30"]
[EventType "swiss"]
[EventRounds "10"]
[EventCountry "DEN"]
[SourceTitle "CBM 143 Extra"]
[Source "ChessBase"]
[SourceDate "2011.08.29"]
[SourceVersion "1"]
[SourceVersionDate "2011.08.29"]
[SourceQuality "1"]

1. e4 e6 2. d4 d5 3. Nd2 dxe4 4. Nxe4 Nf6 5. Nxf6+ Qxf6 6. Nf3 h6 7. Bd3 Bd6 8. 0-0 0-0 9. Qe2 Nc6 10. c3 Bd7 11. Re1 Rfd8 12. Ne5 Bxe5 13. dxe5 Qe7 14. Qe4 f5 15. exf6 Qxf6 16. Bf4 Rac8 17. Rad1 Kf8 18. Re3 Ke7 19. Rf3 e5 20. Bg3 Qe6 21. Bh4+ Ke8 22. Qg6+ 1-0

[Event "Politiken Cup 32nd"]
[Site "Copenhagen"]
[Date "2010.08.06"]
[Round "8"]
[White "Kopperberg, Steen"]
[Black "Hansen, Erik Friberg"]
[Result "1-0"]
[WhiteElo "1798"]
[BlackElo "1558"]
[PlyCount "57"]
[EventDate "2010.07.31"]
[EventType "swiss"]
[EventRounds "10"]
[EventCountry "DEN"]
[SourceTitle "CBM 137 Extra"]
[Source "ChessBase"]
[SourceDate "2010.09.01"]
[SourceVersion "1"]
[SourceVersionDate "2010.09.01"]
[SourceQuality "1"]

1. d4 Nf6 2. Bg5 d6 3. Nf3 Nbd7 4. Nbd2 g6 5. c3 Bg7 6. e4 e5 7. Bb5 c6 8. Bc4 Qc7 9. Qb3 0-0 10. 0-0 b5 11. Bd3 Nb6 12. Rac1 Ba6 13. dxe5 dxe5 14. c4 bxc4 15. Nxc4 Nxc4 16. Bxc4 Bxc4 17. Rxc4 Qd6 18. Qa4 c5 19. Rd1 Qc7 20. Bxf6 Bxf6 21. Rd5 Qb6 22. Qc2 Rab8 23. b3 Rbc8 24. g3 Rfe8 25. Rdxc5 Rxc5 26. Rxc5 Qb8 27. Qc4 Qd6 28. Kg2 Re7 29. Rc6 1-0

[Event "Politiken Cup 32nd"]
[Site "Copenhagen"]
[Date "2010.08.04"]
[Round "6"]
[White "Kopperberg, Steen"]
[Black "Petersen, Jan Han"]
[Result "1-0"]
[WhiteElo "1798"]
[BlackElo "1700"]
[PlyCount "101"]
[EventDate "2010.07.31"]
[EventType "swiss"]
[EventRounds "10"]
[EventCountry "DEN"]
[SourceTitle "CBM 137 Extra"]
[Source "ChessBase"]
[SourceDate "2010.09.01"]
[SourceVersion "1"]
[SourceVersionDate "2010.09.01"]
[SourceQuality "1"]

1. d4 Nf6 2. Bg5 Ne4 3. Bf4 d5 4. f3 Nf6 5. c3 c5 6. e3 cxd4 7. exd4 Bf5 8. Bd3 Bxd3 9. Qxd3 e6 10. Nd2 Bd6 11. Bxd6 Qxd6 12. Ne2 Nc6 13. 0-0 0-0 14. Rfc1 Rac8 15. a3 Rc7 16. Rc2 Rfc8 17. Rac1 Ne7 18. b4 Nd7 19. c4 dxc4 20. Nxc4 Qa6 21. Qb3 b5 22. Na5 Rxc2 23. Rxc2 Rxc2 24. Qxc2 Qc8 25. Qc3 Qxc3 26. Nxc3 a6 27. Ne4 Nd5 28. Nc5 Nb8 29. Kf2 Kf8 30. g3 Ke7 31. Ke2 Nc3+ 32. Kd3 Nb1 33. Kc2 Nxa3+ 34. Kb2 Nc4+ 35. Nxc4 bxc4 36. Kc3 Kd6 37. Kxc4 Kc6 38. Nxa6 Nxa6 39. b5+ Kb6 40. bxa6 Kxa6 41. Kc5 Ka5 42. Kd6 Kb4 43. Ke7 Kc4 44. Kxf7 Kxd4 45. Kxe6 Ke3 46. f4 Kf3 47. Kf7 g6 48. Kg7 Kg2 49. Kxh7 Kxh2 50. Kxg6 Kxg3 51. f5 1-0

[Event "Politiken Cup 32nd"]
[Site "Copenhagen"]
[Date "2010.08.02"]
[Round "4"]
[White "Kopperberg, Steen"]
[Black "Porte, Henrik"]
[Result "0-1"]
[WhiteElo "1798"]
[BlackElo "2130"]
[PlyCount "68"]
[EventDate "2010.07.31"]
[EventType "swiss"]
[EventRounds "10"]
[EventCountry "DEN"]
[SourceTitle "CBM 137 Extra"]
[Source "ChessBase"]
[SourceDate "2010.09.01"]
[SourceVersion "1"]
[SourceVersionDate "2010.09.01"]
[SourceQuality "1"]

1. d4 d5 2. Nf3 c6 3. c3 Bf5 4. Bf4 Nf6 5. e3 Qb6 6. Qb3 Qxb3 7. axb3 Nbd7 8. b4 e6 9. Be2 Be7 10. Nbd2 Nh5 11. Bg3 Nxg3 12. hxg3 h6 13. 0-0 0-0 14. Ra2 a6 15. Rfa1 Rab8 16. Ne5 Nxe5 17. dxe5 f6 18. Nf3 Bg4 19. exf6 Rxf6 20. Nd4 Bxe2 21. Nxe2 e5 22. Nc1 Rbf8 23. f3 e4 24. f4 c5 25. bxc5 Bxc5 26. Kf2 g5 27. Nb3 Bb6 28. Nd4 h5 29. Rh1 h4 30. Rh3 Kf7 31. Ke2 hxg3 32. Rh7+ Kg6 33. Rxb7 gxf4 34. Rxa6 Bxd4 0-1

[Event "Politiken Cup 32nd"]
[Site "Copenhagen"]
[Date "2010.07.31"]
[Round "1"]
[White "Kopperberg, Steen"]
[Black "Molvig, Henrik"]
[Result "0-1"]
[WhiteElo "1798"]
[BlackElo "2179"]
[PlyCount "126"]
[EventDate "2010.07.31"]
[EventType "swiss"]
[EventRounds "10"]
[EventCountry "DEN"]
[SourceTitle "CBM 137 Extra"]
[Source "ChessBase"]
[SourceDate "2010.09.01"]
[SourceVersion "1"]
[SourceVersionDate "2010.09.01"]
[SourceQuality "1"]

1. d4 Nf6 2. Bg5 Ne4 3. Bf4 c5 4. f3 Nf6 5. dxc5 Qa5+ 6. Qd2 Qxc5 7. e4 d6 8. Be3 Qc7 9. Nc3 a6 10. Nd5 Nxd5 11. exd5 e5 12. dxe6 Bxe6 13. Ne2 Nd7 14. Nd4 Be7 15. Nxe6 fxe6 16. Bd3 Ne5 17. 0-0 0-0 18. Rad1 Rac8 19. c3 Nxd3 20. Qxd3 Qc4 21. Qxc4 Rxc4 22. Rd4 Rxd4 23. Bxd4 Rc8 24. Rd1 Kf7 25. Be3 Rc4 26. Rd4 Rxd4 27. Bxd4 b5 28. Kf2 e5 29. Be3 d5 30. Ke2 b4 31. cxb4 Bxb4 32. a3 Bd6 33. Bb6 Ke6 34. g4 Kd7 35. Kd3 Kc6 36. Be3 Kb5 37. h4 g6 38. Bd2 h5 39. Be1 Ka4 40. Kc3 Bc5 41. gxh5 gxh5 42. Bg3 Bd4+ 43. Kc2 e4 44. fxe4 dxe4 45. Bd6 Bf2 46. b3+ Kb5 47. a4+ Kc6 48. Be7 Kd7 49. Bg5 Ke6 50. b4 Kd5 51. b5 axb5 52. axb5 Kc4 53. Kd2 Kxb5 54. Ke2 Bd4 55. Be7 Kc4 56. Bg5 Kd5 57. Bd8 Ke6 58. Ba5 Kf5 59. Be1 Kg4 60. Kf1 Bf6 61. Ke2 Bxh4 62. Bb4 Bg3 63. Kf1 Kf3 0-1